000 00391nam a2200181Ia 4500
001 321
005 20260306140509.0
008 260306t2004||||xx |||||||||||||| ||spa||
041 _aESP
082 _a101
_bH36
100 _aHeidegger, Martin
_eAUT
245 0 _a¿Qué es la filosofía?
260 _c2004
300 _a
_c
650 _aGEN
654 _aCHU
942 _cLIB
_dJUS
_fJUS
_2ddc
_n
999 _c321
_d321